[Event "2nd Yerevan Open"]
[Site "?"]
[Date "2017.09.24"]
[Round "6.26"]
[White "Babayan, Armine"]
[Black "Hayrapetyan, Artavazd R.	"]
[Result "0-1"]
[WhiteElo "2168"]
[BlackElo "2346"]
[PlyCount "78"]
[EventDate "2017.??.??"]

1. e4 e5 2. Nf3 Nc6 3. Bb5 a6 4. Ba4 Nf6 5. Qe2 b5 6. Bb3 Be7 7. c3 O-O 8. O-O
d6 9. h3 Na5 10. Bc2 c5 11. d4 Qc7 12. Bg5 Bb7 13. d5 Ne8 14. Nbd2 Bxg5 15.
Nxg5 Bc8 16. f4 f6 17. fxe5 dxe5 18. Ngf3 Nd6 19. b3 c4 20. b4 Nab7 21. a4 a5
22. axb5 Bd7 23. bxa5 Nxa5 24. Nh4 Nxb5 25. Rf3 Nd6 26. Nf1 Nb3 27. Rb1 Ra2 28.
Qd1 Na1 29. Rc1 Nxc2 30. Rxc2 Ba4 31. Rxa2 Bxd1 32. Re3 Bb3 33. Rf2 Ra8 34. Ng3
Ra2 35. Nhf5 Rxf2 36. Kxf2 Nxf5 37. Nxf5 g6 38. Ng3 Qb6 39. Nf1 Bc2 0-1

[Event "2nd Yerevan Open"]
[Site "?"]
[Date "2017.09.24"]
[Round "6.27"]
[White "Pluzyan, Aram"]
[Black "Gevorgyan, David Sh"]
[Result "1/2-1/2"]
[WhiteElo "2079"]
[BlackElo "2320"]
[PlyCount "86"]
[EventDate "2017.??.??"]

1. Nf3 d5 2. g3 c5 3. Bg2 Nc6 4. O-O e5 5. c4 d4 6. d3 Nf6 7. Nbd2 Be7 8. Ne4
Nxe4 9. dxe4 O-O 10. Ne1 Be6 11. b3 a6 12. f4 f6 13. f5 Bf7 14. Bd2 b5 15. Rc1
bxc4 16. bxc4 Nb4 17. Qb3 a5 18. Nd3 Qc7 19. g4 a4 20. Qa3 Rfb8 21. h4 Nxd3 22.
exd3 Qb7 23. Rc2 Ra6 24. g5 Rb6 25. Bf3 Be8 26. gxf6 gxf6 27. Bh6 Rb2 28. Rcf2
Qb4 29. Rxb2 Qxb2 30. Qxb2 Rxb2 31. Rf2 Rxf2 32. Kxf2 Bd8 33. Bd2 Kf8 34. Ke1
Ke7 35. Kd1 Kd6 36. Kc2 Kc6 37. Kb2 Kb6 38. Ka3 Ka6 39. Bd1 Ba5 40. Bh6 Bb4+
41. Kb2 Bc3+ 42. Ka3 Bb4+ 43. Kb2 Bc3+ 1/2-1/2

[Event "2nd Yerevan Open"]
[Site "?"]
[Date "2017.09.24"]
[Round "6.28"]
[White "Sayadyan, Edvard"]
[Black "Davtyan, Artur"]
[Result "0-1"]
[WhiteElo "2011"]
[BlackElo "2303"]
[PlyCount "142"]
[EventDate "2017.??.??"]

1. e4 e5 2. Nf3 Nc6 3. Bb5 a6 4. Ba4 Nf6 5. O-O Be7 6. d3 b5 7. Bb3 O-O 8. Nc3
d6 9. a3 Bg4 10. Be3 Qd7 11. Nd5 Nxd5 12. Bxd5 Be6 13. c4 Rab8 14. Rc1 Nd8 15.
d4 Bg4 16. cxb5 exd4 17. Bxd4 axb5 18. h3 Be6 19. Qc2 Qc8 20. Rfd1 c6 21. Bb3
Qb7 22. Be3 Bxb3 23. Qxb3 Ne6 24. Nd4 Nxd4 25. Rxd4 Rfd8 26. Rcd1 Rd7 27. Bf4
Rbd8 28. Qg3 d5 29. exd5 Rxd5 30. Be5 Bf8 31. Rxd5 Rxd5 32. Rxd5 cxd5 33. Bc3
Qc8 34. Qe5 Qd8 35. Kf1 h6 36. Ke2 Qa8 37. g3 Qa6 38. Kd2 Qa8 39. h4 Qd8 40.
Qd4 Qd7 41. Ke2 f6 42. Kd2 Qf5 43. Qb6 Kh7 44. Bd4 Qe4 45. Bc5 Bxc5 46. Qxc5 f5
47. Kc3 Qe1+ 48. Kb3 Qd1+ 49. Kb4 Qd3 50. Qc3 Qe4+ 51. Kc5 f4 52. Qd4 fxg3 53.
fxg3 Qf3 54. g4 Qb3 55. g5 hxg5 56. hxg5 Kg6 57. Qe5 Qc4+ 58. Kd6 d4 59. Qe4+
Kxg5 60. Qg2+ Kf4 61. Qf2+ Ke4 62. Qe1+ Kf3 63. Qd1+ Ke3 64. Qg1+ Kd2 65. Qxg7
d3 66. b4 Kc2 67. Qg6 Kb2 68. Qg2+ Qc2 69. Qg7+ Qc3 70. Qg2+ d2 71. Kd5 Qc4+
0-1

[Event "2nd Yerevan Open"]
[Site "?"]
[Date "2017.09.24"]
[Round "6.29"]
[White "Boyajyan, Hayk"]
[Black "Sargissyan, Sargis"]
[Result "1/2-1/2"]
[WhiteElo "1848"]
[BlackElo "2295"]
[PlyCount "96"]
[EventDate "2017.??.??"]

1. d4 Nf6 2. c4 g6 3. Nc3 Bg7 4. e4 O-O 5. Nf3 d6 6. Be2 Na6 7. O-O e5 8. Be3
Ng4 9. Bg5 Qe8 10. h3 Nf6 11. dxe5 dxe5 12. a3 Nh5 13. Nd5 f6 14. Be3 c6 15.
Nc3 Qe7 16. Nd2 Nf4 17. Bxf4 exf4 18. Qc2 Nc5 19. b4 Ne6 20. Nf3 Ng5 21. Rad1
Be6 22. c5 Rad8 23. Rxd8 Rxd8 24. Rd1 Rd7 25. Qc1 Bh6 26. Rxd7 Qxd7 27. Qd1
Nxf3+ 28. Bxf3 Qxd1+ 29. Nxd1 Bg7 30. Bg4 Bb3 31. Kf1 h5 32. Be2 Kf8 33. Ke1
Ke7 34. Kd2 Ke6 35. Nb2 f5 36. exf5+ Kxf5 37. Nc4 Bxc4 38. Bxc4 Bb2 39. a4 f3
40. gxf3 Bd4 41. Bd3+ Kf6 42. Be4 Bxf2 43. Kd3 a5 44. bxa5 Bxc5 45. Kc4 Bf2 46.
a6 bxa6 47. Bxc6 g5 48. Be8 h4 1/2-1/2

[Event "2nd Yerevan Open"]
[Site "?"]
[Date "2017.09.24"]
[Round "6.30"]
[White "Ghazaryan, Raffi"]
[Black "Gevorgyan, Maria"]
[Result "1-0"]
[WhiteElo "1833"]
[BlackElo "2294"]
[PlyCount "71"]
[EventDate "2017.??.??"]

1. e4 e5 2. Nf3 Nf6 3. d4 Nxe4 4. Bd3 Nc6 5. d5 Nc5 6. dxc6 e4 7. Bc4 exf3 8.
Qxf3 Qe7+ 9. Be3 bxc6 10. Nd2 d5 11. O-O-O Be6 12. Nb3 Nd7 13. Ba6 Qb4 14. Rd4
Qb6 15. Be2 a5 16. c4 Qb7 17. cxd5 cxd5 18. Rdd1 c5 19. Bd2 a4 20. Na5 Qc7 21.
Nc4 Be7 22. Bf4 Qc6 23. Ne3 Nb6 24. a3 O-O 25. Rhe1 Rac8 26. Kb1 Rfd8 27. Ba6
Ra8 28. Bd3 c4 29. Bf5 Bd6 30. Bxe6 fxe6 31. Nc2 Qc7 32. Nd4 e5 33. Ne6 Qf7 34.
Nxd8 Qf5+ 35. Ka1 e4 36. Bxd6 1-0

[Event "2nd Yerevan Open"]
[Site "?"]
[Date "2017.09.24"]
[Round "6.31"]
[White "Poghosyan, Suren"]
[Black "Yeremyan, Alen"]
[Result "1-0"]
[WhiteElo "2256"]
[BlackElo "2060"]
[PlyCount "129"]
[EventDate "2017.??.??"]

1. d4 Nf6 2. Nf3 g6 3. Bf4 Bg7 4. e3 O-O 5. h3 d6 6. c4 Nfd7 7. Nc3 e5 8. Bh2
Nc6 9. Be2 f5 10. O-O e4 11. Ne1 Nf6 12. Nc2 g5 13. b4 Ne7 14. d5 Ng6 15. Nd4
Qe7 16. Re1 g4 17. hxg4 Nxg4 18. Bxg4 fxg4 19. Qc2 Bf5 20. Rac1 Rae8 21. c5 Be5
22. Bxe5 Qxe5 23. Ncb5 g3 24. Nxc7 gxf2+ 25. Qxf2 Bd7 26. Qe2 Re7 27. Nce6 Bxe6
28. dxe6 Rg7 29. cxd6 Qxd6 30. Rf1 Nh4 31. Rxf8+ Qxf8 32. e7 Rxe7 33. Qg4+ Ng6
34. Nf5 Re8 35. Rc7 Qf6 36. Rg7+ Kh8 37. Qh5 Qa1+ 38. Kh2 Qe5+ 39. Kg1 Qa1+ 40.
Kh2 Qe5+ 41. Kh3 Qxg7 42. Nxg7 Kxg7 43. Qd5 b6 44. Kg4 Re7 45. g3 Re5 46. Qd6
h5+ 47. Kh3 Kh6 48. Kh2 Re7 49. Kg1 Rf7 50. Kg2 Re7 51. Qc6 Kg5 52. Kh3 Re5 53.
Qc7 Re7 54. Qd8 Kh6 55. Qd5 Re5 56. Qf7 Re7 57. Qf6 Kh7 58. Kg2 Kh6 59. Kf1 Rc7
60. a3 Rc1+ 61. Kg2 Rc2+ 62. Kh3 Rc7 63. g4 hxg4+ 64. Kxg4 Rc6 65. Qxc6 1-0

[Event "2nd Yerevan Open"]
[Site "?"]
[Date "2017.09.24"]
[Round "6.32"]
[White "Kotanjian, Tigran"]
[Black "Hakobyan, Romik"]
[Result "0-1"]
[WhiteElo "2496"]
[BlackElo "1927"]
[PlyCount "86"]
[EventDate "2017.??.??"]

1. d4 d5 2. c4 c6 3. Nc3 Nf6 4. Nf3 b5 5. b3 Bf5 6. Ne5 h6 7. g4 Bh7 8. Bg2 e6
9. O-O Bb4 10. Bd2 O-O 11. cxd5 exd5 12. Rc1 Ba3 13. f4 Bxc1 14. Qxc1 Qd6 15.
Be1 Ne4 16. f5 f6 17. Nd3 Nxc3 18. Qxc3 Re8 19. Bg3 Qe7 20. Re1 Kh8 21. Nf4 b4
22. Qd2 a5 23. e4 dxe4 24. Bxe4 Qd7 25. Ne6 Na6 26. Rc1 Rac8 27. Qd3 Qa7 28.
Bf2 Qb7 29. Qf3 Nb8 30. Rc5 a4 31. d5 cxd5 32. Bxd5 Qe7 33. bxa4 Nd7 34. Rxc8
Rxc8 35. a5 Ne5 36. Qe4 Qd6 37. Bb7 Rc1+ 38. Kg2 Qd1 39. Bd4 Rc2+ 40. Kg3 Qd2
41. Qxc2 Qxc2 42. a6 Qd3+ 43. Kf4 g5+ 0-1

[Event "2nd Yerevan Open"]
[Site "?"]
[Date "2017.09.24"]
[Round "6.33"]
[White "Simonyan, Latush"]
[Black "Onischuk, Vladimir"]
[Result "0-1"]
[WhiteElo "2107"]
[BlackElo "2638"]
[PlyCount "132"]
[EventDate "2017.??.??"]

1. e4 d6 2. d4 Nf6 3. Nc3 g6 4. f4 Bg7 5. Nf3 O-O 6. Bd3 Na6 7. O-O c5 8. d5
Bg4 9. Bc4 Nc7 10. h3 Bxf3 11. Qxf3 a6 12. a4 b6 13. Qd3 Qc8 14. Bd2 Qb7 15.
Rae1 Rad8 16. Kh1 Nd7 17. e5 dxe5 18. f5 Nf6 19. fxg6 hxg6 20. Rxe5 b5 21. axb5
axb5 22. Ba2 c4 23. Qf3 Ncxd5 24. Bg5 Rd7 25. Bxf6 Nxf6 26. Rxb5 Qc7 27. Nd5
Nxd5 28. Rxd5 e6 29. Rxd7 Qxd7 30. Bxc4 Bxb2 31. Bd3 Qe7 32. Qg4 Kg7 33. Rb1
Be5 34. Qe4 Qg5 35. Qf3 Rc8 36. Rf1 Rc7 37. Rb1 Bd6 38. Re1 Ra7 39. Bf1 Ra3 40.
Bd3 Ra4 41. Rf1 Rf4 42. Qe2 Rxf1+ 43. Qxf1 Qg3 44. Kg1 Qh2+ 45. Kf2 Bc5+ 46.
Ke2 Qe5+ 47. Kd1 Bb4 48. Qf2 f5 49. g4 Bc5 50. Qf3 Kf6 51. gxf5 gxf5 52. Qa8
Kg5 53. Qg2+ Kh6 54. Qa8 Bb4 55. Kc1 Qe1+ 56. Kb2 Qc3+ 57. Ka2 Be7 58. Qa6 Bf6
59. Qb5 Kg5 60. h4+ Kxh4 61. Qc4+ Qxc4+ 62. Bxc4 e5 63. Kb2 e4+ 64. Kc1 Kg3 65.
Kd1 Kf2 66. Be2 f4 0-1

[Event "2nd Yerevan Open"]
[Site "?"]
[Date "2017.09.24"]
[Round "6.34"]
[White "Yeritsyan, Hayk"]
[Black "Bakunts, Rafael"]
[Result "1/2-1/2"]
[WhiteElo "2078"]
[BlackElo "2421"]
[PlyCount "124"]
[EventDate "2017.??.??"]

1. d4 d5 2. Nf3 Nf6 3. c4 c6 4. e3 e6 5. Nbd2 Nbd7 6. b3 Bd6 7. Bb2 O-O 8. Bd3
b6 9. O-O Bb7 10. Qe2 Qe7 11. Rad1 Rfe8 12. e4 e5 13. dxe5 Nxe5 14. Nxe5 Bxe5
15. Bxe5 Qxe5 16. Rfe1 Qc7 17. e5 Nd7 18. f4 Nc5 19. Bb1 a5 20. Nf3 Rad8 21.
cxd5 cxd5 22. Qc2 g6 23. Nd4 Ba6 24. Re3 f6 25. Rde1 fxe5 26. fxe5 Rc8 27. e6
Qf4 28. Qb2 Rc7 29. Rf3 Qh4 30. g3 Qg5 31. Qf2 Ne4 32. Bxe4 dxe4 33. Rf7 Rec8
34. h4 Qe5 35. Rf4 Bd3 36. Nf3 Qg7 37. Ng5 Rc2 38. Qxb6 Qb2 39. Rf2 Qe5 40. Qe3
Rxf2 41. Qxf2 Rf8 42. Qe3 Qc7 43. Nf7 Rc8 44. Nh6+ Kg7 45. Ng4 Qc5 46. Qxc5
Rxc5 47. Nf2 Bc2 48. Re2 Bb1 49. Nxe4 Re5 50. Nc3 Rxe2 51. Nxe2 Bxa2 52. Nd4
Kf6 53. Kf2 Bxb3 54. Nxb3 a4 55. Nd2 a3 56. Ne4+ Kxe6 57. Nc3 Ke5 58. Ke3 h5
59. Kf3 Kf5 60. g4+ hxg4+ 61. Kg3 Kf6 62. Kxg4 Kg7 1/2-1/2

[Event "2nd Yerevan Open"]
[Site "?"]
[Date "2017.09.24"]
[Round "6.35"]
[White "Chibukhchian, Artur"]
[Black "Hakobyan, Hakob V"]
[Result "1/2-1/2"]
[WhiteElo "2417"]
[BlackElo "2102"]
[PlyCount "103"]
[EventDate "2017.??.??"]

1. d4 d5 2. c4 c6 3. Nf3 Nf6 4. e3 g6 5. h3 Bg7 6. Bd3 O-O 7. O-O Bf5 8. Nc3
Bxd3 9. Qxd3 Nbd7 10. e4 dxe4 11. Nxe4 Nxe4 12. Qxe4 e6 13. Bg5 Qb6 14. c5 Qb4
15. Rfe1 Rfe8 16. a3 Qc4 17. b4 e5 18. dxe5 Nxe5 19. Nxe5 Qxe4 20. Rxe4 Rxe5
21. Rxe5 Bxe5 22. Rd1 a5 23. bxa5 Rxa5 24. Bh6 f5 25. Rd8+ Kf7 26. f4 Bf6 27.
Rd7+ Kg8 28. Rxb7 Rxa3 29. Rc7 Bd4+ 30. Kh2 Bxc5 31. Rxc6 Bd4 32. Rc8+ Kf7 33.
Rc7+ Kg8 34. g4 fxg4 35. hxg4 Bf6 36. Kg2 Bd4 37. Rd7 Bf6 38. g5 Bb2 39. Kf2
Ra8 40. Kf3 Ba3 41. Bg7 Bf8 42. Bd4 Re8 43. Bf6 h6 44. f5 gxf5 45. Kf4 hxg5+
46. Kxf5 g4 47. Kxg4 Re1 48. Kf5 Rf1+ 49. Kg6 Rg1+ 50. Bg5 Rg2 51. Rd2 Rxd2 52.
Bxd2 1/2-1/2

[Event "2nd Yerevan Open"]
[Site "?"]
[Date "2017.09.24"]
[Round "6.36"]
[White "Pogosyan, Stefan"]
[Black "Tavoosi, Rad Ramtin"]
[Result "1-0"]
[WhiteElo "2349"]
[BlackElo "2070"]
[PlyCount "63"]
[EventDate "2017.??.??"]

1. d4 Nf6 2. c4 e6 3. Nc3 c5 4. d5 exd5 5. cxd5 d6 6. Nf3 a6 7. a4 g6 8. e4 Bg7
9. h3 O-O 10. Bd3 Qc7 11. Nd2 Nbd7 12. Nc4 Nb6 13. Na3 Re8 14. O-O Rb8 15. Bf4
c4 16. a5 cxd3 17. axb6 Qc5 18. Qxd3 Nh5 19. Bh2 Be5 20. Bxe5 Rxe5 21. Qe3 Qxe3
22. fxe3 Ng3 23. Rf3 Nxe4 24. Nc4 Nxc3 25. Nxe5 Nxd5 26. Nxf7 Nxb6 27. Nxd6 Be6
28. e4 Nd7 29. Rc3 Nf6 30. Rc7 Rd8 31. Nxb7 Rf8 32. Rxa6 1-0

[Event "2nd Yerevan Open"]
[Site "?"]
[Date "2017.09.24"]
[Round "6.37"]
[White "Nadanian, Ashot"]
[Black "Shahzamani, Arman"]
[Result "1-0"]
[WhiteElo "2344"]
[BlackElo "2064"]
[PlyCount "185"]
[EventDate "2017.??.??"]

1. d4 Nf6 2. Nf3 g6 3. c4 c5 4. d5 b5 5. cxb5 a6 6. b6 d6 7. Nc3 Nbd7 8. a4
Qxb6 9. a5 Qa7 10. e4 Rb8 11. h3 Bg7 12. Bc4 O-O 13. O-O Rb4 14. Qd3 Ne8 15. b3
Ne5 16. Nxe5 Bxe5 17. Be3 Nc7 18. f4 Bg7 19. Rae1 Rb8 20. Na4 Na8 21. e5 Qc7
22. e6 fxe6 23. dxe6 Bb7 24. Nc3 Bxc3 25. Qxc3 d5 26. f5 d4 27. Qc2 dxe3 28.
fxg6 Qe5 29. Rf7 Rxf7 30. gxf7+ Kh8 31. Qd3 Qg7 32. g4 Qb2 33. Qe2 Qxe2 34.
Rxe2 Nc7 35. Rxe3 Bd5 36. Re5 Bxc4 37. bxc4 Kg7 38. Rg5+ Kf6 39. Rf5+ Kg7 40.
Rg5+ Kf6 41. Rg8 Rb1+ 42. Kg2 Nxe6 43. f8=Q+ Nxf8 44. Rxf8+ Ke5 45. Rf7 e6 46.
Rxh7 Ra1 47. Rh5+ Kf4 48. Rxc5 Ra2+ 49. Kf1 e5 50. g5 e4 51. g6 e3 52. g7 Ra1+
53. Ke2 Ra2+ 54. Kd3 Rd2+ 55. Kc3 Rd8 56. Rc7 e2 57. Re7 Kf3 58. h4 Rg8 59. Kd2
Rd8+ 60. Kc2 Rg8 61. Rf7+ Ke3 62. h5 Re8 63. Rf8 Re5 64. g8=Q e1=Q 65. Qg2 Kd4
66. Qg4+ Kc5 67. Rf5 Kb4 68. Rxe5 Qc3+ 69. Kd1 Qxe5 70. Qf3 Qd4+ 71. Ke2 Qxc4+
72. Ke3 Kxa5 73. Qf5+ Kb6 74. Qf6+ Kb7 75. Qe7+ Kb8 76. Qe5+ Kc8 77. Qd6 Qc1+
78. Kf3 a5 79. h6 Qf1+ 80. Kg4 Qg2+ 81. Kh4 Qf2+ 82. Kg5 Qg2+ 83. Kf6 Qf3+ 84.
Kg7 Qb7+ 85. Kh8 Qb2+ 86. Kg8 Qg2+ 87. Kf7 Qf3+ 88. Qf6 Qb7+ 89. Kg8 Qd5+ 90.
Kg7 Qd7+ 91. Kf8 a4 92. Qc3+ Kb8 93. Qe5+ 1-0

[Event "2nd Yerevan Open"]
[Site "?"]
[Date "2017.09.24"]
[Round "6.38"]
[White "Danielyan, Vahe"]
[Black "Sargsyan, Anna M"]
[Result "1-0"]
[WhiteElo "2331"]
[BlackElo "2047"]
[PlyCount "67"]
[EventDate "2017.??.??"]

1. Nf3 d5 2. g3 c6 3. Bg2 Bg4 4. O-O e6 5. c4 Nd7 6. d4 Ngf6 7. Ne5 Bh5 8. Nc3
Bd6 9. f4 O-O 10. h3 c5 11. Be3 Rb8 12. cxd5 cxd4 13. Bxd4 Bxe5 14. fxe5 Nxd5
15. Nxd5 exd5 16. Bxa7 Ra8 17. Bd4 Qe7 18. Qd2 Nxe5 19. Rf5 Nc4 20. Qg5 Qxg5
21. Rxg5 Bg6 22. h4 Rad8 23. h5 f6 24. Rxd5 Bxh5 25. e3 Bf7 26. Rxd8 Rxd8 27.
Bxb7 Nxb2 28. a4 Nd3 29. a5 Nb4 30. Rb1 Nd5 31. a6 Rf8 32. a7 Nc7 33. Bc5 Re8
34. Bd6 1-0

[Event "2nd Yerevan Open"]
[Site "?"]
[Date "2017.09.24"]
[Round "6.39"]
[White "Nazemi, Pedram"]
[Black "Li, Bo"]
[Result "0-1"]
[WhiteElo "1978"]
[BlackElo "2330"]
[PlyCount "140"]
[EventDate "2017.??.??"]

1. e4 c5 2. Nf3 e6 3. d4 cxd4 4. Nxd4 a6 5. Nc3 Qc7 6. g3 Bb4 7. Nde2 Nf6 8.
Bg2 Nc6 9. O-O Be7 10. h3 O-O 11. g4 d6 12. Ng3 b5 13. f4 Bb7 14. g5 Nd7 15. f5
Nce5 16. Qh5 g6 17. Qe2 Rfc8 18. Rf2 Qc4 19. Qe1 exf5 20. exf5 Bxg2 21. Kxg2 b4
22. Nce4 d5 23. Nf6+ Nxf6 24. gxf6 Bd6 25. Bf4 Nf3 26. Rxf3 Bxf4 27. c3 Re8 28.
Qf1 Be5 29. fxg6 hxg6 30. Re1 Qxf1+ 31. Nxf1 bxc3 32. bxc3 Re6 33. Rd1 Rxf6 34.
Re3 Bf4 35. Rf3 Re8 36. Rf2 Re5 37. Rd3 Kg7 38. Kh1 g5 39. Kg2 Kg6 40. Ng3 Rfe6
41. Nf1 f5 42. h4 Rc6 43. hxg5 Kxg5 44. Kf3 Re4 45. Kg2 Kf6 46. Nd2 Ra4 47. Nb3
Be5 48. Nd4 Rcc4 49. Rb2 Bxd4 50. cxd4 Rxd4 51. Rxd4 Rxd4 52. Rb6+ Ke5 53. Rxa6
f4 54. a4 Rd3 55. Kf2 Ra3 56. a5 d4 57. Ra8 Ke4 58. a6 Ra2+ 59. Kf1 Kf3 60. Ke1
Re2+ 61. Kd1 Re7 62. Kd2 Kf2 63. a7 f3 64. Kd3 Rd7 65. Kd2 d3 66. Rf8 Rxa7 67.
Kxd3 Rd7+ 68. Ke4 Ke2 69. Kf4 f2 70. Re8+ Kd2 0-1

[Event "2nd Yerevan Open"]
[Site "?"]
[Date "2017.09.24"]
[Round "6.40"]
[White "Demianjuk, Alexander"]
[Black "Avetisyan, Mariam"]
[Result "1-0"]
[WhiteElo "2330"]
[BlackElo "1976"]
[PlyCount "45"]
[EventDate "2017.??.??"]

1. d4 Nf6 2. c4 e6 3. Nf3 b6 4. g3 Bb7 5. Bg2 Be7 6. O-O O-O 7. Nc3 Ne4 8. Bd2
Bf6 9. Rc1 Nxc3 10. Bxc3 d5 11. cxd5 exd5 12. b4 Nd7 13. b5 Qe7 14. Qb3 Rfc8
15. Bh3 c5 16. bxc6 Bxc6 17. Bb4 Qe8 18. Bd6 Qxe2 19. Rc2 Qa6 20. Rfc1 Qb7 21.
Rc3 g5 22. Qc2 h5 23. Bf5 1-0

[Event "2nd Yerevan Open"]
[Site "?"]
[Date "2017.09.24"]
[Round "6.41"]
[White "Tiraturyan, David"]
[Black "Hoghmrtsyan, Artur"]
[Result "1-0"]
[WhiteElo "2316"]
[BlackElo "2012"]
[PlyCount "133"]
[EventDate "2017.??.??"]

1. e4 e5 2. Nf3 Nc6 3. Bb5 Nf6 4. O-O Nxe4 5. d4 Nd6 6. dxe5 Nxb5 7. a4 Nbd4 8.
Nxd4 Nxd4 9. Qxd4 d5 10. exd6 Qxd6 11. Qe3+ Be6 12. Nc3 Qc5 13. Nb5 Qxe3 14.
Bxe3 Bd6 15. Rfd1 Ke7 16. Bxa7 Bf5 17. Bb6 Bxc2 18. Re1+ Kd7 19. Rac1 Rhe8 20.
Rf1 Bd3 21. Nxd6 cxd6 22. Rc7+ Ke6 23. Re1+ Kf6 24. Bd4+ Kg6 25. Rxe8 Rxe8 26.
f3 Re1+ 27. Kf2 Ra1 28. b3 Ra2+ 29. Kg3 Ba6 30. Rd7 f6 31. Rxd6 Bf1 32. Bf2 b5
33. axb5 Bxb5 34. Rb6 Bf1 35. Rb7 Rc2 36. b4 Rb2 37. h3 h6 38. h4 h5 39. Rb8
Kf5 40. Rb6 Kg6 41. Rb7 Ba6 42. Ra7 Bf1 43. Ra1 Bc4 44. Bc5 Kf5 45. Bf8 g6 46.
Rc1 Bd3 47. Rc5+ Ke6 48. Rc6+ Kf7 49. Bc5 Rc2 50. Kf4 Rxg2 51. Bd4 Re2 52.
Rxf6+ Ke7 53. Rb6 Re1 54. b5 Kf7 55. Rf6+ Ke7 56. b6 Rb1 57. Rc6 Rb4 58. Ke5
Kd7 59. Rc7+ Kd8 60. Bc5 Rb1 61. Be7+ Ke8 62. b7 Ba6 63. Rc8+ Kxe7 64. b8=Q
Rxb8 65. Rxb8 Kd7 66. f4 Bd3 67. Rb7+ 1-0

[Event "2nd Yerevan Open"]
[Site "?"]
[Date "2017.09.24"]
[Round "6.42"]
[White "Dilanyan, Grigor"]
[Black "Nalbandyan, Vahan"]
[Result "0-1"]
[WhiteElo "2282"]
[BlackElo "1910"]
[PlyCount "60"]
[EventDate "2017.??.??"]

1. Nf3 Nf6 2. b3 b6 3. Bb2 e6 4. d3 d5 5. Nbd2 Bb7 6. g3 c5 7. Bg2 Nbd7 8. O-O
Qc7 9. d4 cxd4 10. Nxd4 Rc8 11. c4 a6 12. cxd5 Nxd5 13. Rc1 Qb8 14. Nc4 Be7 15.
e4 N5f6 16. e5 Bxg2 17. exf6 Bxf1 18. Nxe6 gxf6 19. Ng7+ Kf8 20. Nf5 Bxc4 21.
Qxd7 Rc7 22. Qd4 Be6 23. Nxe7 Rxc1+ 24. Bxc1 Kxe7 25. Ba3+ Ke8 26. Qxf6 Kd7 27.
Qd4+ Kc6 28. Qe4+ Bd5 29. Qa4+ b5 30. Qd4 Qd8 0-1

[Event "2nd Yerevan Open"]
[Site "?"]
[Date "2017.09.24"]
[Round "6.43"]
[White "Ziroyan, David"]
[Black "Kursova, Maria"]
[Result "1/2-1/2"]
[WhiteElo "2055"]
[BlackElo "2280"]
[PlyCount "135"]
[EventDate "2017.??.??"]

1. e4 c5 2. Ne2 Nc6 3. g3 d5 4. Bg2 dxe4 5. Nbc3 Bg4 6. d3 Bf3 7. Bxf3 exf3 8.
Ng1 Nf6 9. Nxf3 e6 10. O-O Be7 11. Ne4 Nd5 12. Bg5 Bxg5 13. Nfxg5 O-O 14. Qh5
h6 15. Nf3 b6 16. Ne5 Qc7 17. Nxc6 Qxc6 18. Qf3 Qc7 19. Rfe1 Rad8 20. a3 Ne7
21. Nd2 Nc6 22. Nb3 Rd5 23. Re4 Rfd8 24. Rae1 Nd4 25. Nxd4 cxd4 26. Qe2 Rc5 27.
Rc1 Qd6 28. Qd2 Rb5 29. c4 dxc3 30. Rxc3 Rd5 31. Re3 Rd4 32. Qc2 Rd7 33. Qb3
Kh7 34. Qb5 Qd5 35. Qxd5 R4xd5 36. Kf1 Kg6 37. Ke2 Rh5 38. h4 Rb5 39. Rc2 Rb3
40. Rf3 f6 41. Re3 e5 42. Kd2 Kf5 43. Kc1 Rdxd3 44. Rxd3 Rxd3 45. Rc7 g5 46.
hxg5 hxg5 47. Rxa7 Ke4 48. Ra6 Rb3 49. Kc2 Rf3 50. Rxb6 Rxf2+ 51. Kb1 Kd5 52.
a4 e4 53. Rb3 Kc4 54. Ra3 Rf3 55. a5 Rxa3 56. bxa3 Kb5 57. a6 Kxa6 58. g4 f5
59. gxf5 g4 60. f6 g3 61. f7 g2 62. f8=Q g1=Q+ 63. Kc2 Qg2+ 64. Kb1 Qg1+ 65.
Kc2 Qd4 66. Qa8+ Kb6 67. Qb8+ Kc6 68. Qc8+ 1/2-1/2

[Event "2nd Yerevan Open"]
[Site "?"]
[Date "2017.09.24"]
[Round "6.44"]
[White "Hakobyan, Hovhannes H"]
[Black "Muradyan, Robert"]
[Result "0-1"]
[WhiteElo "2242"]
[BlackElo "1846"]
[PlyCount "116"]
[EventDate "2017.??.??"]

1. g3 Nf6 2. Bg2 e6 3. e4 d5 4. e5 Nfd7 5. d4 c5 6. c3 Nc6 7. Nf3 b6 8. O-O Ba6
9. Re1 Rc8 10. a3 Be7 11. b4 O-O 12. h4 Bc4 13. Nbd2 Bd3 14. Nb3 Bf5 15. Bg5 h6
16. Be3 cxd4 17. Nfxd4 Nxd4 18. Bxd4 Nb8 19. Qd2 Nc6 20. Bf1 Be4 21. Rac1 Qc7
22. Qf4 f6 23. exf6 Qxf4 24. gxf4 Bxf6 25. Bh3 Rce8 26. f3 Bxf3 27. Bxe6+ Kh8
28. Bxf6 Rxf6 29. f5 a6 30. Nd4 Nxd4 31. cxd4 g6 32. Bc8 Rxe1+ 33. Rxe1 Be4 34.
Bxa6 gxf5 35. Kf2 Rc6 36. a4 f4 37. Re2 Rg6 38. Bb7 Rg2+ 39. Ke1 Rg1+ 40. Kd2
Ra1 41. Bc6 f3 42. Rf2 Rb1 43. a5 bxa5 44. bxa5 Ra1 45. Ke3 Kg7 46. Kf4 Kf6 47.
Be8 Rxa5 48. Bh5 Ra3 49. Bxf3 Rxf3+ 50. Rxf3 Bxf3 51. Kxf3 Kf5 52. h5 Kg5 53.
Kg3 Kxh5 54. Kf4 Kg6 55. Ke5 h5 56. Kxd5 Kf5 57. Kc6 h4 58. d5 h3 0-1

[Event "2nd Yerevan Open"]
[Site "?"]
[Date "2017.09.24"]
[Round "6.45"]
[White "Mesropian, Khachatur"]
[Black "Gharagyozyan, Artur"]
[Result "0-1"]
[WhiteElo "1974"]
[BlackElo "2170"]
[PlyCount "36"]
[EventDate "2017.??.??"]

1. d4 Nf6 2. c4 e6 3. Nc3 Bb4 4. Bg5 c5 5. d5 exd5 6. cxd5 d6 7. e3 Nbd7 8. Bd3
Qa5 9. Nge2 Nxd5 10. O-O Bxc3 11. Nxc3 Nxc3 12. bxc3 c4 13. Bxc4 Qxg5 14. Qxd6
Qe7 15. Qd4 O-O 16. Rab1 Nc5 17. Rb5 b6 18. Bd5 Ba6 0-1

[Event "2nd Yerevan Open"]
[Site "?"]
[Date "2017.09.24"]
[Round "6.46"]
[White "Yayloyan, Konstantin"]
[Black "Piliposyan, Robert"]
[Result "1-0"]
[WhiteElo "2142"]
[BlackElo "1773"]
[PlyCount "91"]
[EventDate "2017.??.??"]

1. e4 c5 2. Nf3 e6 3. d4 cxd4 4. Nxd4 Nc6 5. Nc3 d6 6. g4 Nge7 7. Be3 a6 8. Nb3
b5 9. f4 Ng6 10. Qe2 Na5 11. O-O-O Nc4 12. Kb1 Be7 13. Bc1 O-O 14. h4 Bb7 15.
h5 Nh8 16. g5 Qc7 17. f5 b4 18. Qxc4 Qxc4 19. Bxc4 Rfc8 20. Bd5 exd5 21. Nxd5
Bd8 22. Bf4 Rc4 23. Rhe1 Rac8 24. Nd2 Rxc2 25. Nxb4 R2c7 26. Nd5 Rc5 27. Bxd6
R5c6 28. Bf4 g6 29. Nb3 gxh5 30. Nd4 Rc5 31. Bd6 Rc4 32. b3 Rxd4 33. Rxd4 Bxg5
34. Rg1 f6 35. Ne7+ Kf7 36. Nxc8 Be3 37. Rc4 Bxg1 38. Rc7+ Ke8 39. Rxb7 h4 40.
Rxh7 Nf7 41. Bf4 Bf2 42. Nd6+ Nxd6 43. Bxd6 a5 44. e5 Bg3 45. e6 Bxd6 46. Rxh4
1-0

[Event "2nd Yerevan Open"]
[Site "?"]
[Date "2017.09.24"]
[Round "6.47"]
[White "Rezanezhad, Mojtaba"]
[Black "Matevosyan, Sedrak"]
[Result "0-1"]
[WhiteElo "1822"]
[BlackElo "2202"]
[PlyCount "118"]
[EventDate "2017.??.??"]

1. d4 Nf6 2. Nf3 e6 3. e3 b6 4. b3 Bb7 5. Bb2 c5 6. Bd3 Nc6 7. a3 Be7 8. Nbd2
O-O 9. Qe2 Qc7 10. O-O d6 11. c4 Rac8 12. Rad1 cxd4 13. exd4 d5 14. Ne5 Rfd8
15. Ndf3 dxc4 16. bxc4 Nxe5 17. Nxe5 g6 18. Rfe1 Bf8 19. Rc1 Bh6 20. Rc2 Bg7
21. Qe3 Qe7 22. g3 Nd7 23. f4 Nxe5 24. fxe5 Rc7 25. Bf1 Rdc8 26. Rec1 Qf8 27.
a4 Bh6 28. Qb3 Bxc1 29. Bxc1 Qd8 30. Be3 Ba6 31. Qb4 Rd7 32. Qd2 f6 33. Bh3 f5
34. Bg5 Qf8 35. d5 exd5 36. e6 Rdc7 37. e7 Qf7 38. Bg2 Bb7 39. Qe3 Re8 40. Qe5
Rcxe7 41. Bxe7 Rxe7 42. Qb8+ Kg7 43. Qxa7 dxc4 44. Qxb6 Bxg2 45. Qd4+ Qf6 46.
Qxf6+ Kxf6 47. Kxg2 Rc7 48. Kf3 Ke5 49. Ke3 Kd5 50. a5 Ra7 51. Ra2 Ra6 52. Ra1
Kc5 53. Kd2 Kd4 54. Kc2 g5 55. Ra4 f4 56. gxf4 gxf4 57. Ra3 Ke4 58. Kc3 f3 59.
Kxc4 f2 0-1

[Event "2nd Yerevan Open"]
[Site "?"]
[Date "2017.09.24"]
[Round "6.48"]
[White "Arakelyan, Nare"]
[Black "Gaboyan, Susanna"]
[Result "0-1"]
[WhiteElo "1772"]
[BlackElo "2166"]
[PlyCount "120"]
[EventDate "2017.??.??"]

1. e4 e5 2. Nf3 Nc6 3. Bb5 Nf6 4. O-O Nxe4 5. Re1 Nd6 6. Nxe5 Nxe5 7. Rxe5+ Be7
8. Bd3 O-O 9. Nc3 Bf6 10. Re3 g6 11. b3 Bd4 12. Rf3 b5 13. Bb2 Bb7 14. Rf4 Be5
15. Qg4 f5 16. Qh4 Qxh4 17. Rxh4 Rfe8 18. a4 Bf6 19. Rb4 a5 20. Rxb5 Nxb5 21.
axb5 Kg7 22. Na4 Be4 23. Bc4 Bxc2 24. Bxf6+ Kxf6 25. f3 f4 26. Nc3 c6 27. bxc6
dxc6 28. d3 Re3 29. Ne4+ Kg7 30. Nc5 Rae8 31. Kf1 R8e5 32. d4 Re7 33. Rxa5 Bf5
34. Ra6 Re1+ 35. Kf2 Rd1 36. Rxc6 Rxd4 37. Be6 Rd2+ 38. Kf1 Ra7 39. Na4 Bxe6
40. Rxe6 Rc7 41. Re2 Rc1+ 42. Kf2 Rcc2 43. Nc3 g5 44. h4 h6 45. hxg5 hxg5 46.
Ke1 Rxe2+ 47. Nxe2 Kf6 48. Kf1 Ke5 49. Ke1 Rb2 50. Kf1 Rxb3 51. Ng1 Kd4 52. Nh3
Ke3 53. Kg1 Rb5 54. Kh2 Ke2 55. Kg1 Ra5 56. Kh2 Kf1 57. Kh1 Rb5 58. Ng1 Rb2 59.
Kh2 Rxg2+ 60. Kh3 Rxg1 0-1